[Event "TUR Cup"]
[Site "Ankara"]
[Date "2021.12.09"]
[Round "2"]
[White "Tuganli, Uzay Canhur"]
[Black "Unlu, Muhammet Ali"]
[Result "1/2-1/2"]
[WhiteElo "1795"]
[BlackElo "1265"]
[PlyCount "121"]
[EventDate "2021.12.08"]
[EventType "swiss"]
[EventRounds "9"]
[EventCountry "TUR"]
[SourceTitle "CBM 205 Extra"]
[Source "ChessBase"]
[SourceDate "2022.01.31"]
[SourceVersion "1"]
[SourceVersionDate "2022.01.31"]
[SourceQuality "1"]

1. e4 e5 2. Nc3 Nc6 3. f4 Bc5 4. Nf3 d6 5. Bb5 Bg4 6. fxe5 dxe5 7. Bxc6+ bxc6 8. d3 Qe7 9. Qe2 Rb8 10. Nd1 Nf6 11. Be3 Nh5 12. 0-0 Nf4 13. Qf2 Bxe3 14. Qxe3 Bxf3 15. Rxf3 0-0 16. b3 a5 17. Nb2 f6 18. Nc4 Qb4 19. g3 Ne6 20. Rf2 Qc3 21. Qe1 Qxe1+ 22. Rxe1 a4 23. bxa4 Ra8 24. a5 Rfb8 25. Rff1 Nd4 26. c3 Nb5 27. Rc1 Rd8 28. Rfd1 Nd6 29. Nxd6 Rxd6 30. Kf2 Rxa5 31. Rc2 Kf7 32. Ke3 Ke6 33. Rb1 Rb5 34. Rcb2 Ra5 35. Rc1 Ra3 36. Rcc2 c5 37. Rb5 Rc6 38. c4 Kd6 39. Rb8 Ke7 40. Rg8 Kf7 41. Rb8 Rd6 42. Rb3 Rxb3 43. axb3 Rb6 44. Rb2 Kg6 45. h3 Kg5 46. Rb1 g6 47. Kf3 h5 48. h4+ Kh6 49. g4 Rd6 50. Rd1 Rb6 51. Rb1 g5 52. hxg5+ fxg5 53. gxh5 Kxh5 54. Rh1+ Kg6 55. Rb1 Kh5 56. Kg3 Rd6 57. Rd1 Rb6 58. Rh1+ Kg6 59. Rb1 Rd6 60. Rd1 Rb6 61. Rb1 1/2-1/2